| 000 | 00741cab a2200241 4500 | ||
|---|---|---|---|
| 001 | ABS47735 | ||
| 008 | 090401t1993 xxu||||| |||| 00| 0 eng d | ||
| 035 | _a(Sirsi) u63290 | ||
| 041 | _aeng | ||
| 245 | _aShaping the nation | ||
| 260 | _c1993 | ||
| 350 | _a0 | ||
| 490 |
_aCS Monthly : Planning and Development bulletin _v2(4) January 1993, 1-3(3) |
||
| 520 | _aThe presidential address at the launch of the CBI/RICS `Shaping the Nation` report and provides an executive summary and recommendations of the report. | ||
| 650 | _aCBI | ||
| 650 | _aPLANNING CONTROL | ||
| 650 | _aPLANNING SYSTEM | ||
| 650 | _aPLANNING TASK FORCE | ||
| 650 | _aRICS | ||
| 690 | _aPLANNING LAW AND PRACTICE | ||
| 942 | _n0 | ||
| 948 | _c04/03/1997 | ||
| 999 |
_c39356 _d39356 |
||